000 00889nam a2200241 a 4500
003 CBULib
005 20231121095438.0
008 121214s2012 ||||||||||||||||| || u
040 _aCBULib
_bEnglish
_cCBULib
_erda
041 _aeng
050 _aUNCTAD(02)2012/12
110 _aUnited Nations Conference on Trade and Development (UNCTAD)
245 1 0 _aHarmonizing cyberlaws and regulations: the experience of the east African community
_c/ by United Nations Conference on Trade and Development (UNCTAD)
260 _aGeneva :
_bUnited Nations,
_c2012.
300 _avi, 58 pages : illustrations
336 _2rdacontent
_aText |
_btxt
337 _2rdamedia
_aUnmediated |
_bn
338 _2rdacarrier
_aVolume
_bnc
500 _aBibliography
650 _aCYBERLAWS AND REGULATIONS--EAST AFRICA
942 _2mc
_c029
999 _c45372
_d45372